000 00291nam a22001337a 4500
008 181023b xxu||||| |||| 00| 0 eng d
020 _a9780205126675
041 _aeng
080 _a370
100 _a49
101 _aEDU
245 _aThe Longwood Reader
_cDornan.E.A
942 _2udc
_cBK
999 _c50668
_d50668